000 00840cam a2200253 4500
999 _c21829
_d21829
001 4626373
003 BDDh-ASL
005 20231015030040.0
008 700219s1969 ii b 001 0 eng
010 _a 77905802
040 _aDLC
_cDLC
_dDLC
_dBDDh-ASL
050 0 0 _aDS63.2.I5
_bA59
082 0 0 _a327.5305
_bAHI
100 1 _aAhmad, S. Maqbul.
245 1 0 _aIndo-Arab relations:
_ban account of India's relations with the Arab World from ancient up to modern times /
_c[by] Maqbul Ahmad.
260 _aNew Delhi:
_bIndian Council for Cultural Relations
_c[1969]
300 _axi, 187 p.
_c23 cm.
350 _a20.00
504 _aBibliography: p. 171-174.
651 0 _aIndia
_xRelations
_zArab countries.
651 0 _aArab countries
_xRelations
_zIndia.
906 _a7
_bcbc
_corignew
_du
_encip
_f19
_gy-gencatlg
942 _2ddc
_cBK